| 000 | 00580nam a22002057a 4500 | ||
|---|---|---|---|
| 003 | OSt | ||
| 005 | 20140310182821.0 | ||
| 008 | 130304t xxu||||| |||| 00| 0 eng d | ||
| 020 | _a9781585428465 (pbk.) | ||
| 050 |
_aBF 639 _b.C699 2010 |
||
| 082 |
_aM 158 _bC68 2010 |
||
| 245 |
_aThe life magnet _bPut your mind at your command--and win at life! _cCollier, Robert |
||
| 260 |
_aNew York _bJeremy P. Tarcher/Penguin _cc2010 |
||
| 300 |
_a518 p. _c18 cm. |
||
| 521 | _acollege students | ||
| 526 | _c1210L-1700L | ||
| 541 | _j1 | ||
| 562 | _e1 | ||
| 942 |
_2lcc _cBK _kM |
||
| 999 |
_c16391 _d16391 |
||